Old Flags of Countries #4 - Statistics

General Stats
  • This quiz has been taken 313 times
    94 since last reset
  • The average score is 10 of 16
Answer Stats
Picture Answer % Correct
Romania
94%
Panama
86%
Canada
85%
Qatar
85%
Venezuela
85%
Jordan
76%
Iraq
75%
South Africa
74%
Iceland
71%
Bosnia & Herzegovina
57%
Finland
51%
Ghana
42%
Slovenia
40%
Uzbekistan
39%
Slovakia
38%
Democratic Republic of the Congo
33%
No matching quizzes found
Score Distribution
Percent of People with Each Score
Percentile by Number Answered
Your Score History
You have not taken this quiz since the last reset